| 000 | 02768nam0a2200409 4500 | ||
|---|---|---|---|
| 001 | RU\NLR\BIBL_A\010533236 | ||
| 005 | 20260408115846.0 | ||
| 010 |
_a978-5-89917-155-0 _9100 |
||
| 021 |
_aRU _b2014-69827 _94278 |
||
| 035 | _a(NILC)RuMoRGB-007551891 | ||
| 035 | _a(NLR Aleph) 010533236 | ||
| 090 |
_a10266109 _c10266109 |
||
| 100 | _a20141118d2013 |||y0rusy50 ca | ||
| 101 | 0 | _arus | |
| 102 | _aRU | ||
| 105 | _aa|||z|||001yy | ||
| 200 | 1 |
_aДидактические основы интеграции общепрофессиональной и естественно-математической подготовки студентов в условиях реализации компетентностного подхода _eмонография _f[С.Ю. Грузкова, Е.И. Загребина, Е.В. Муравьева и др. _gпод ред. С.Ю. Грузковой] _gФедер. гос. науч. учреждение Рос. акад. образования Ин-т педагогики и психологии проф. образования, Лаб. естественнонауч. и общепроф. подгот. в системе проф. образования |
|
| 210 |
_aКазань _cДанис _d2013 |
||
| 215 |
_a179 с. _cил. _d21 |
||
| 300 | _aАвт. указаны на обороте тит. л. | ||
| 320 | _aБиблиогр.: с. 160-166 (107 назв.) | ||
| 606 | 1 |
_aПрофессиональное образование _xИнтеграция _yРоссийская Федерация _92494395 _3RU\NLR\AUTH\661479820 |
|
| 606 | 1 |
_aПрофессиональное образование _xИнтеграция _yСоединенные Штаты Америки _92229715 _3RU\NLR\AUTH\6601570946 |
|
| 610 | 0 | _aестественно-математическая подготовка студентов | |
| 686 | 1 | _aЧ454(2Р) | |
| 686 | 1 | _aЧ454(7США) | |
| 701 | 1 |
_aГрузкова _bС. Ю. _gСветлана Юрьевна |
|
| 701 | 1 |
_aЗагребина _bЕ. И. _gЕкатерина Ильдусовна |
|
| 701 | 1 |
_aМуравьева _bЕ. В. _gЕлена Викторовна |
|
| 712 | 0 | 2 |
_4570 _aИнститут педагогики и психологии профессионального образования _cКазань _bЛаборатория естественнонаучной и общепрофессиональной подготовки в системе профессионального образования _3RU\NLR\AUTH\880382898 _9432063 |
| 801 | 0 |
_aRU _bРГБ _c20140915 _gRCR |
|
| 801 | 1 |
_aRU _bРГБ _c20140915 _2rusmarc |
|
| 942 | _cBOOK | ||
| 980 | _aNBR | ||
| 980 | _aNB | ||